000 00561nam a22002057a 4500
003 BD-ChCU
005 20260503092144.0
008 260503b ny ||||| |||| 00| 0 eng d
020 _a9780387233321
040 _cBD-ChCU
082 _223
_a627.58 S713b
100 _aSorensen, Robert M.
_922191
245 _aBasic coastal engineering /
_cRobert M Sorensen.
250 _a3ed.
260 _aNew York :
_bSpringer,
_c2006
300 _a324 P. :
504 _aIncludes.
650 0 _aCoastal engineering ; Coastal environment.
_922192
942 _2ddc
_cBK
_n0
999 _c112573
_d112573